L'esiliato di Darkover : romanzo /

Sparad:
Bibliografiska uppgifter
Huvudupphov: Bradley, Marion Zimmer (Författare, medförfattare)
Övriga upphov: Valla, Riccardo (Översättare)
Materialtyp: Bok
Språk:italienska
Utgiven: Milano : TEA, 1992
Serie:TEAdue ; 119
Taggar: Lägg till en tagg
Inga taggar, Lägg till första taggen!

MARC

LEADER 00000nam a22000007i 4500
001 IT\ICCU\LO1\0243766
003 ItRI
005 20260115231931.0
008 921109s1992 it |||||| ||||| |||||c
020 |a 8878193119 
040 |b ita  |c importazione bologna sebina 
041 7 |a ita  |2 ISO-639-2 
082 |a 813.54  |9 NARRATIVA AMERICANA IN LINGUA INGLESE. 1945-  |2 19 
100 1 |a Bradley, Marion Zimmer  |0 IT\ICCU\CFIV\039273  |4 aut 
240 1 4 |a The bloody sun  |3 IT\ICCU\LO1\0244963  |9 Bradley, Marion Zimmer 
245 1 2 |a L'esiliato di Darkover :  |b romanzo /  |c Marion Zimmer Bradley ; traduzione di Riccardo Valla. 
260 |a Milano :  |b TEA,  |c 1992 
300 |a 329 p. :  |b ill. ;  |c 20 cm 
700 1 |a Valla, Riccardo  |0 IT\ICCU\CFIV\041656  |4 trl 
790 1 |a Bradley, M. Zimmer  |3 IT\ICCU\CFIV\372184  |z Bradley, Marion Zimmer 
790 1 |a Zimmer Bradley, Marion  |3 IT\ICCU\CFIV\085142  |z Bradley, Marion Zimmer 
830 0 |a TEAdue ;  |v 119  |0 IT\ICCU\CFI\0134828 
942 |2 ddc  |c BK  |n 0 
952 |0 0  |1 0  |4 0  |6 DOC_813_540000000000000_ZIM  |7 0  |9 17030  |a BO  |b BO  |d 2026-01-15  |i 20019  |l 0  |o DOC 813.54 ZIM  |p BO20019  |r 2026-01-15 23:19:31  |w 2026-01-15  |x [Sebina 5] [1 v.]  |y BK  |z 1 v. 
999 |c 14544  |d 14544